| 000 | 01984nam0a2200409 4500 | ||
|---|---|---|---|
| 001 | RU\NLR\BIBL_A\010587656 | ||
| 005 | 20260406184838.0 | ||
| 010 | _a978-5-91569-047-8 | ||
| 021 |
_aRU _b2014-87201 _95307 |
||
| 035 | _a(NILC)RuMoRGB-007826979 | ||
| 035 | _a(NLR Aleph) 010587656 | ||
| 090 |
_a10489417 _c10489417 |
||
| 100 | _a20150120d2014 |||y0rusy50 ca | ||
| 101 | 0 | _arus | |
| 102 | _aRU | ||
| 105 | _ay|||z|||000yy | ||
| 200 | 1 |
_aШкольный самоаудит _e(материалы по критериям и технологиям самообследования школы) _f[авт.: Беглова Т. В., Белова А.В., Битянова М.Р. и др. _gред. Петрова Н. С.] |
|
| 210 |
_aМосква _cЦентр "Педагогический поиск" _d2014 |
||
| 215 |
_a144 с. _cтабл. _d24 |
||
| 225 | 2 | _aУправление современной школой | |
| 300 | _aАвт. указаны на обороте тит. л. | ||
| 333 | _a16+ | ||
| 606 | 1 |
_aШколы _xАудит внутренний _92246088 _3RU\NLR\AUTH\6601578505 |
|
| 686 | 1 | _aЧ424(2Р)к | |
| 701 | 1 |
_aБеглова _bТ. В. _gТатьяна Владимировна |
|
| 701 | 1 |
_aБелова _bА. В. _cучитель физики _gАнна Викторовна _9141309 _3RU\NLR\AUTH\770141345 |
|
| 701 | 1 |
_8rus _7ca _aБитянова _bМ. Р. _gМарина Ростиславовна _3RU\NLR\AUTH\771175 _9111204 |
|
| 702 | 1 |
_4340 _aПетрова _bН. С. _cредактор издательства _gНаталья Сергеевна _9141313 _3RU\NLR\AUTH\770141349 |
|
| 712 | 0 | 2 |
_4570 _a"Педагогический поиск", образовательный центр _cМосква _3RU\NLR\AUTH\889950294 _9396379 |
| 801 | 0 |
_aRU _bРГБ _c20141121 _gRCR |
|
| 801 | 1 |
_aRU _bРГБ _c20141121 _2rusmarc |
|
| 942 | _cBOOK | ||
| 980 | _aNBR | ||
| 980 | _aNB | ||